Dạy con làm giàu Tập 6 Những câu chuyện thành công

Quyển sách bao gồm các câu chuyện thành công của những người đã đón nhận lời khuyên của người cha giàu và sau đó tìm thấy con đường đi đến sự thành công tài chính của riêng mình.

Сохранить в:
Библиографические подробности
Главный автор: Kiyosaki, Robert T.
Другие авторы: Phương Anh (Dịch), Anh Thy (Dịch)
Формат:
Язык:Vietnamese
Опубликовано: Tp. Hồ Chí Minh Nxb. Trẻ 2017
Редактирование:Tái bản lần thứ 14
Предметы:
Метки: Добавить метку
Нет меток, Требуется 1-ая метка записи!
Thư viện lưu trữ: Thư viện Trường Đại học Nam Cần Thơ
LEADER 01349nam a22002417a 4500
001 NCT_64235
008 190511b xxu||||| |||| 00| 0 vie d
999 |c 3108  |d 3108 
020 |a 9786041085275  |c 82000 
082 0 4 |2 23rd ed.  |a 332.024  |b K46/T.6 
100 1 |a Kiyosaki, Robert T. 
245 1 0 |a Dạy con làm giàu  |n Tập 6  |p Những câu chuyện thành công  |c Robert T. Kiyosaki ; Phương Anh, Anh Thy (dịch) 
250 |a Tái bản lần thứ 14 
260 |a Tp. Hồ Chí Minh  |b Nxb. Trẻ  |c 2017 
300 |a 355 tr.  |c 21cm 
520 3 |a Quyển sách bao gồm các câu chuyện thành công của những người đã đón nhận lời khuyên của người cha giàu và sau đó tìm thấy con đường đi đến sự thành công tài chính của riêng mình. 
653 |a Sách tham khảo 
700 1 |a Phương Anh  |e Dịch 
700 1 |a Anh Thy  |e Dịch 
942 |2 ddc  |c BK 
952 |0 0  |1 0  |2 ddc  |4 0  |6 332_024000000000000_K46_T_6  |7 0  |9 16836  |a 000001  |b 000001  |d 2019-05-11  |o 332.024 K46/T.6  |p TK.01373  |r 2019-05-11  |v 82000.00  |w 2019-05-11  |y BK 
952 |0 0  |1 0  |2 ddc  |4 0  |6 332_024000000000000_K46_T_6  |7 0  |9 16837  |a 000001  |b 000001  |d 2019-05-11  |o 332.024 K46/T.6  |p TK.01374  |r 2019-05-11  |v 82000.00  |w 2019-05-11  |y BK 
980 |a Thư viện Trường Đại học Nam Cần Thơ